Just type A in every answer - Statistics

General Stats
  • This quiz has been taken 51 times
  • The average score is 46 of 61
Answer Stats
Type it Answer % Correct
Just type it To Finish it A
100%
Well it's supposed to end so just type it again A
100%
Huh it still doesn't work interesting keep typing it on the numbers to 1-5 Ready? A
100%
1 A
100%
2 A
100%
3 A
100%
4 A
100%
5 A
100%
What it still doesn't work? Well i guess there's no choice A
100%
But to click the give up Button A
100%
Going through this is not worth It A
100%
I said you should give up A
100%
Alright! Waste your time A
100%
Okay i'm gonna tell you a made up Kinder Story A
100%
Once Upon a time there was a girl named Cindy Farewells A
100%
She lived in Roanoke, Virginia, USA A
100%
She always liked Mathematics because she was great at it A
100%
But it was a lie when she turned into Grade 4 A
100%
Math got Complicated to her as she started getting low grades A
100%
But are you even listening A
100%
Alright Then... Response means Listening according to me A
100%
But i still know you don't even care about reading the texts A
100%
Huh maybe you're not dumb after all A
77%
Well she owned a Kalimba so she will do Well A
74%
Her Friends made fun of her when she failed math class and moved on to Music A
74%
She is trying to decide what to do for her revenge A
74%
But she decided maybe Soon A
74%
Her friends gathered alot of people telling them they don't want to be friends with them anymore A
74%
Well she decided her revenge A
74%
Murdering her friends A
74%
Type a in all of these A
74%
Type a in all of these A
74%
Type a in all of these A
74%
Type a in all of these A
74%
Type a in all of these A
74%
Type a in all of these A
74%
Type a in all of these A
74%
Type a in all of these A
74%
Type a in all of these A
74%
Type a in all of these A
74%
Type a in all of these A
74%
Type a in all of these A
74%
Type a in all of these A
74%
Type a in all of these A
74%
Hmm well you knew that too? A
72%
WOWIEEEEEEEEEEEE! Incredible A
72%
Well Let's continue on to the story A
72%
Her parents signed her up to Music Class until Grade 8 A
72%
She lost her friends A
72%
Doing something unexpected A
72%
Hmm Interesting A
72%
Just stop answering this quiz A
69%
Find all the answers A
67%
But first recite the alphabet without spaces ABCDEFGHIJKLMNOPQRSTUVWXYZ
59%
idk what to say anymore so please give up no
44%
Well did you answer those questions? no
41%
Bass Guitar is a type of a ______ __________ (full) Musical Instrument
8%
Well What is the capital of Haute-Kotto, Central African Republic Bria
3%
this quiz was to waste your own time WHAT
3%
Seriously this never stops agreed
0%
What is the highest peak of Papua new Guinea (Without Mountain or Mont on the word) Wilhelm
0%
No matching quizzes found
Score Distribution
Percent of People with Each Score
Percentile by Number Answered
Your Score History
You have not taken this quiz